000 00966nam a2200313Ia 4500
001 dia_2099
003 CHAP
005 20251027154406.0
008 220117s1982 xx 000 0 und d
010 _a172637
020 _a968-24-1141-6
040 _cCHAP
082 _a636.39 K64 1982
100 _aKoeslag, Johan H.
_963613
245 _aCabras /
_c Johan H. Koeslag ; colaboración A. Fernán Castellanos E...[et al.]
260 _aMéxico :
_b Trillas,
_c1982
300 _a108 p.
400 _aMANUALES PARA LA EDUCACIÓN AGROPECUARIA, 4
440 _aManuales para educación agropecuaria. Área Producción animal ; 4
_9152241
503 _aC/e
590 _aSF383 K64 1982
650 _aCabras /
_9137331
650 _aNannygoats
_9152242
700 _aCastellanos E., A. Fernán, colab.
_9143182
901 _a636.39 K64 1982
902 _aM
905 _a5232271982 mx an 8222123322spa16
942 _cLIBRO
999 _c172637
_d172637